[Event "Mecklenburg VP LL2 West 2122"]
[Site "Mecklenburg VP"]
[Date "2022.05.01"]
[Round "9.1"]
[White "Schreiber, Kevin"]
[Black "Petrow, Jonas"]
[Result "1-0"]
[WhiteElo "2017"]
[BlackElo "1811"]
[PlyCount "62"]
[EventDate "2021.10.24"]
[EventType "team-tourn"]
[EventRounds "9"]
[EventCountry "GER"]
[SourceTitle "EXT 2024"]
[Source "ChessBase"]
[SourceDate "2023.10.10"]
[SourceVersion "1"]
[SourceVersionDate "2023.10.10"]
[SourceQuality "1"]
[WhiteTeam "Mecklenburger Springer SC"]
[BlackTeam "Rostock Makkabi"]
[WhiteTeamCountry "GER"]
[BlackTeamCountry "GER"]

1. c4 c6 2. g3 d5 3. Bg2 Nf6 4. Qc2 e5 5. d3 Be6 6. Nf3 Nbd7 7. 0-0 h6 8. b3 Bd6 9. Bb2 0-0 10. e4 Qe7 11. Nc3 d4 12. Ne2 Nh5 13. h3 c5 14. Bc1 Kh7 15. Nh4 g6 16. Qd2 Nf4 17. gxf4 Qxh4 18. fxe5 Bc7 19. f4 Bxh3 20. Bxh3 Qxh3 21. Rf2 Nxe5 22. fxe5 Bxe5 23. Nf4 Qg3+ 24. Rg2 Qe3+ 25. Kf1 f5 26. Qd1 fxe4 27. Bxe3 dxe3 28. Rc1 Rad8 29. Qe2 Bxf4 30. Rd1 Bg3+ 31. Kg1 Bf2+ 1-0

[Event "Neubrandenburg-chA"]
[Site "Neubrandenburg"]
[Date "2022.04.12"]
[Round "7"]
[White "Fromm, Marius"]
[Black "Schreiber, Kevin"]
[Result "1/2-1/2"]
[WhiteElo "2341"]
[BlackElo "2017"]
[PlyCount "84"]
[EventDate "2022.04.09"]
[EventType "swiss"]
[EventRounds "7"]
[EventCountry "GER"]
[SourceTitle "CBM 207 Extra"]
[Source "ChessBase"]
[SourceDate "2022.05.31"]
[SourceVersion "1"]
[SourceVersionDate "2022.05.31"]
[SourceQuality "1"]

1. e4 d5 2. exd5 Qxd5 3. Nc3 Qa5 4. d4 Nf6 5. Nf3 Nc6 6. Bb5 Ne4 7. Rb1 a6 8. Bxc6+ bxc6 9. 0-0 Nxc3 10. bxc3 Bg4 11. Qd3 e6 12. Ne5 Bf5 13. Qc4 Qd5 14. Qa4 Bd6 15. c4 Qe4 16. Nxc6 0-0 17. Be3 Qh4 18. Ne5 Bxe5 19. dxe5 Be4 20. f3 Bd5 21. Rfd1 Qxc4 22. Qxc4 Bxc4 23. a4 Rfd8 24. Rxd8+ Rxd8 25. Rb7 Rc8 26. Bc5 h6 27. h4 h5 28. Kf2 Kh7 29. Ke3 Kg6 30. Kf4 Bf1 31. g3 Be2 32. a5 f6 33. Ra7 Bb5 34. c3 Be2 35. Ke3 Bb5 36. Be7 Kf5 37. Kd4 c5+ 38. Ke3 Kxe5 39. g4 Kd5 40. gxh5 Rh8 41. Rc7 e5 42. Bxc5 Rxh5 1/2-1/2

[Event "Mecklenburg VP LL2 West 2122"]
[Site "Mecklenburg VP"]
[Date "2022.04.03"]
[Round "8.1"]
[White "Krieg, Peter"]
[Black "Schreiber, Kevin"]
[Result "0-1"]
[WhiteElo "1894"]
[BlackElo "2017"]
[PlyCount "30"]
[EventDate "2021.10.24"]
[EventType "team-tourn"]
[EventRounds "9"]
[EventCountry "GER"]
[SourceTitle "EXT 2024"]
[Source "ChessBase"]
[SourceDate "2023.10.10"]
[SourceVersion "1"]
[SourceVersionDate "2023.10.10"]
[SourceQuality "1"]
[WhiteTeam "Schwerin SV Einheit"]
[BlackTeam "Mecklenburger Springer SC"]
[WhiteTeamCountry "GER"]
[BlackTeamCountry "GER"]

1. e4 c5 2. Nf3 a6 3. c3 d5 4. exd5 Qxd5 5. d4 Bg4 6. Be2 cxd4 7. Nxd4 Qxg2 8. Rf1 Bxe2 9. Qxe2 Nc6 10. Nf3 g6 11. Bf4 Qg4 12. Qe3 Nf6 13. Rg1 Qf5 14. Rg5 Nd5 15. Qc5 Qxf4 0-1

[Event "Mecklenburg VP VL1819"]
[Site "Mecklenburg VP"]
[Date "2018.11.25"]
[Round "3.1"]
[White "Schreiber, Kevin"]
[Black "Fromm, Marius"]
[Result "1/2-1/2"]
[WhiteElo "2065"]
[BlackElo "1988"]
[PlyCount "102"]
[EventDate "2018.10.21"]
[EventType "team-tourn"]
[EventRounds "9"]
[EventCountry "GER"]
[SourceTitle "EXT 2022"]
[Source "ChessBase"]
[SourceDate "2021.10.06"]
[SourceVersion "1"]
[SourceVersionDate "2021.10.06"]
[SourceQuality "1"]
[WhiteTeam "Schwerin SF II"]
[BlackTeam "Greifswald II"]
[WhiteTeamCountry "GER"]
[BlackTeamCountry "GER"]

1. d4 d5 2. Bf4 Nf6 3. e3 c5 4. c3 Nc6 5. Bd3 Qb6 6. Qb3 c4 7. Qxb6 axb6 8. Bc2 e6 9. Nd2 b5 10. Ngf3 b4 11. 0-0 Be7 12. Ne5 Bd7 13. Nxd7 Kxd7 14. e4 b5 15. Bg5 bxc3 16. bxc3 Ra3 17. exd5 Nxd5 18. Bxe7 Ncxe7 19. Nb1 Ra5 20. a3 Rha8 21. Ra2 g6 22. Rb2 Nc8 23. g3 Ncb6 24. Be4 Rb8 25. Re1 Kd6 26. Kg2 Nc7 27. f4 Nbd5 28. Rf2 Raa8 29. Bc2 Re8 30. Rf3 Re7 31. h3 Nb6 32. Re2 Ncd5 33. g4 f5 34. Kg3 Rf7 35. Rf1 Rg8 36. Rfe1 Re7 37. Kf3 fxg4+ 38. hxg4 Rf8 39. Re4 Nc7 40. Kg3 Ref7 41. g5 Nbd5 42. Rf1 Ra8 43. Rf3 Ne8 44. Rf2 Ng7 45. Bd1 Nf5+ 46. Kh3 Nfe3 47. Bg4 Nxg4 48. Kxg4 h5+ 49. Kg3 Raf8 50. Rf3 Ra8 51. Re2 Raf8 1/2-1/2

[Event "Oberliga Nord N 1415"]
[Site "Germany"]
[Date "2014.09.21"]
[Round "1.8"]
[White "Pfreundt, Jakob"]
[Black "Schreiber, Kevin"]
[Result "1/2-1/2"]
[WhiteElo "1990"]
[BlackElo "1957"]
[PlyCount "133"]
[EventDate "2014.09.21"]
[EventType "team-tourn"]
[EventRounds "9"]
[EventCountry "GER"]
[SourceTitle "EXT 2016"]
[Source "ChessBase"]
[SourceDate "2015.10.08"]
[SourceVersion "1"]
[SourceVersionDate "2015.10.08"]
[SourceQuality "1"]
[WhiteTeam "Hamburg Koenigsspringer"]
[BlackTeam "Schwerin II"]
[WhiteTeamCountry "GER"]
[BlackTeamCountry "GER"]

1. d4 Nf6 2. c4 d6 3. Nf3 Nbd7 4. Nc3 e5 5. e4 c6 6. Be2 Be7 7. 0-0 0-0 8. Re1 Qc7 9. Bf1 Re8 10. h3 a6 11. Be3 b5 12. a3 Rb8 13. b4 h6 14. Rc1 Qb7 15. g3 Bf8 16. cxb5 cxb5 17. Nh4 Nb6 18. Qb3 Be6 19. d5 Bd7 20. g4 g6 21. Nf3 Rec8 22. Nd2 h5 23. f3 Be7 24. Be2 Kg7 25. Kg2 Rh8 26. Rh1 hxg4 27. hxg4 Rxh1 28. Rxh1 Rh8 29. Qd1 Qc7 30. Rxh8 Qxc3 31. Bxb6 Kxh8 32. Nb1 Qc8 33. Be3 Kg7 34. Qc1 Qxc1 35. Bxc1 Ne8 36. Nc3 Bc8 37. a4 bxa4 38. Nxa4 Bd8 39. Be3 Bd7 40. Nb2 Bc8 41. Bd3 g5 42. Kf2 f6 43. Ke2 Kf7 44. Kd2 Ke7 45. Kc2 Nc7 46. Nc4 Bd7 47. Na5 Ba4+ 48. Kd2 Kd7 49. Be2 Bb5 50. Bxb5+ Nxb5 51. Nc6 Bc7 52. Kc2 Kc8 53. Ne7+ Kb7 54. Ng8 Bd8 55. Kb3 Kc8 56. Nh6 Kb7 57. Nf5 Bc7 58. Ng7 Bd8 59. Ne6 Be7 60. Bf2 Nc7 61. Nxc7 Kxc7 62. b5 axb5 63. Kb4 Kd7 64. Kxb5 Bf8 65. Kb6 Be7 66. Kb7 Bf8 67. Bg1 1/2-1/2

[Event "Mecklenburg VP-ch U18"]
[Site "Malchow"]
[Date "2014.02.04"]
[Round "7"]
[White "Wulf, Constanze"]
[Black "Schreiber, Kevin"]
[Result "0-1"]
[WhiteElo "1610"]
[BlackElo "1947"]
[PlyCount "86"]
[EventDate "2014.02.01"]
[EventType "swiss"]
[EventRounds "7"]
[EventCountry "GER"]
[SourceTitle "EXT 2017"]
[Source "ChessBase"]
[SourceDate "2016.10.25"]
[SourceVersion "1"]
[SourceVersionDate "2016.10.25"]
[SourceQuality "1"]

1. Nf3 c5 2. c4 Nc6 3. Nc3 d6 4. g3 g6 5. Bg2 Bg7 6. 0-0 h5 7. b3 Bg4 8. h3 Bd7 9. Bb2 Qc8 10. Kh2 Nf6 11. Rh1 a6 12. Qc1 h4 13. gxh4 e5 14. e3 Bf5 15. Qf1 Nb4 16. d4 e4 17. Ne1 Rxh4 18. dxc5 Qxc5 19. Kg1 0-0-0 20. Rd1 Qc7 21. a3 Nc6 22. Nd5 Nxd5 23. Bxg7 Nde7 24. Bf6 Rh7 25. Nc2 Re8 26. Nd4 Nxd4 27. Rxd4 Nc6 28. Rd2 Re6 29. Bb2 g5 30. Qb1 Qe7 31. Rd5 Bg6 32. Qd1 f5 33. Bc1 Ne5 34. a4 Rh4 35. Ba3 Nd3 36. Bf1 f4 37. exf4 Rxf4 38. Rh2 Qf6 39. Qe2 Rf3 40. Qd1 Rxf2 41. Bxd6 Bh5 42. Qb1 Rxh2 43. Kxh2 Rxd6 0-1

[Event "GER-chT Lands U20"]
[Site "Hannover"]
[Date "2013.10.02"]
[Round "1.1"]
[White "Kollars, Dmitrij"]
[Black "Schreiber, Kevin"]
[Result "1-0"]
[WhiteElo "2120"]
[BlackElo "1991"]
[PlyCount "41"]
[EventDate "2013.10.02"]
[EventType "team-swiss"]
[EventRounds "7"]
[EventCountry "GER"]
[SourceTitle "EXT 2014"]
[Source "ChessBase"]
[SourceDate "2013.11.20"]
[SourceVersion "1"]
[SourceVersionDate "2013.11.20"]
[SourceQuality "1"]
[WhiteTeam "Bremen"]
[BlackTeam "Mecklenburg Vorpommern"]
[WhiteTeamCountry "GER"]
[BlackTeamCountry "GER"]

1. e4 c5 2. Nf3 e6 3. d4 cxd4 4. Nxd4 Nc6 5. Nc3 Qc7 6. Be3 a6 7. f4 d6 8. Qf3 Nf6 9. 0-0-0 Nxd4 10. Bxd4 e5 11. fxe5 dxe5 12. Qg3 Nd7 13. Nd5 Qb8 14. Bb6 Nxb6 15. Nxb6 f6 16. Nxa8 Qxa8 17. Bc4 b5 18. Bd5 Bb7 19. Qg4 Qc8 20. Be6 Qc5 21. Bd7+ 1-0

[Event "GER-ch 84th"]
[Site "Saarbruecken"]
[Date "2013.09.07"]
[Round "2"]
[White "Frischmann, Rick"]
[Black "Schreiber, Kevin"]
[Result "0-1"]
[WhiteElo "2230"]
[BlackElo "1920"]
[PlyCount "80"]
[EventDate "2013.09.06"]
[EventType "swiss"]
[EventRounds "9"]
[EventCountry "GER"]
[SourceTitle "CBM 156 Extra"]
[Source "ChessBase"]
[SourceDate "2013.10.22"]
[SourceVersion "1"]
[SourceVersionDate "2013.10.22"]
[SourceQuality "1"]

1. e4 d5 2. exd5 Qxd5 3. Nc3 Qd6 4. d4 Nf6 5. Bc4 Bf5 6. Nge2 c6 7. Bf4 Qb4 8. Bb3 e6 9. 0-0 Qb6 10. Ng3 Bg6 11. Re1 Be7 12. h4 h5 13. Nce4 Nxe4 14. Nxe4 Bxe4 15. Rxe4 Nd7 16. c4 Nf6 17. Re2 0-0 18. Qd3 Rad8 19. Rd1 Rfe8 20. Bg5 a5 21. c5 Qc7 22. Qf3 Ng4 23. Bf4 Qc8 24. Qg3 Qa8 25. Ree1 a4 26. Bc2 Kf8 27. f3 Nf6 28. Be5 Rd7 29. Qg5 Red8 30. g4 hxg4 31. fxg4 Qa5 32. h5 Rxd4 33. Bxd4 Rxd4 34. Kh1 Nxg4 35. Qc1 Nf2+ 36. Kg2 Nxd1 37. Rxd1 Rxd1 38. Qxd1 Qxc5 39. Be4 Qg5+ 40. Kf1 Qb5+ 0-1

[Event "Rostock SSC op 12th"]
[Site "Rostock"]
[Date "2013.08.04"]
[Round "7"]
[White "Weber, Max"]
[Black "Schreiber, Kevin"]
[Result "1/2-1/2"]
[WhiteElo "2108"]
[BlackElo "1914"]
[PlyCount "58"]
[EventDate "2013.07.31"]
[EventType "swiss"]
[EventRounds "7"]
[EventCountry "GER"]
[SourceTitle "EXT 2018"]
[Source "ChessBase"]
[SourceDate "2017.10.13"]
[SourceVersion "1"]
[SourceVersionDate "2017.10.13"]
[SourceQuality "1"]

1. Nf3 c5 2. c4 Nc6 3. g3 g6 4. Bg2 Bg7 5. Nc3 Nf6 6. d4 cxd4 7. Nxd4 0-0 8. 0-0 Qc7 9. Bf4 Qd8 10. c5 Nxd4 11. Qxd4 d6 12. cxd6 Ne8 13. Qb4 Nxd6 14. Rfd1 a5 15. Qa3 Ra6 16. Ne4 Qb6 17. Nxd6 exd6 18. Rd2 Be5 19. Be3 Qb4 20. Rad1 Be6 21. Bd4 Qxa3 22. bxa3 Bxd4 23. Rxd4 b5 24. Bd5 Rd8 25. Re4 Bxd5 26. Rxd5 b4 27. a4 Rc8 28. Rd2 Rc3 29. Re3 Rxe3 1/2-1/2

[Event "GER-ch U25 op-A"]
[Site "Oberhof"]
[Date "2013.05.22"]
[Round "6"]
[White "Reif, Gerold"]
[Black "Schreiber, Kevin"]
[Result "0-1"]
[WhiteElo "1623"]
[BlackElo "1886"]
[PlyCount "66"]
[EventDate "2013.05.19"]
[EventType "swiss"]
[EventRounds "9"]
[EventCountry "GER"]
[SourceTitle "CBM 154 Extra"]
[Source "ChessBase"]
[SourceDate "2013.06.25"]
[SourceVersion "2"]
[SourceVersionDate "2013.06.25"]
[SourceQuality "1"]

1. e4 c5 2. c4 Nc6 3. Nc3 g6 4. g3 Bg7 5. Bg2 d6 6. d3 e6 7. Nge2 Nge7 8. 0-0 0-0 9. h3 Rb8 10. Kh1 a6 11. a4 Nd4 12. f4 Nec6 13. g4 f5 14. g5 Qc7 15. h4 b5 16. h5 bxc4 17. dxc4 Na5 18. Nxd4 cxd4 19. Nd5 exd5 20. hxg6 hxg6 21. exf5 Rxf5 22. Qe2 Bd7 23. Bh3 Rf7 24. Bg2 dxc4 25. f5 Rxf5 26. Bf4 Re8 27. Qg4 Bc6 28. Rae1 Rxe1 29. Rxe1 Bxg2+ 30. Kxg2 Be5 31. Bd2 Qb7+ 32. Kg1 Nb3 33. Qg2 Qxg2+ 0-1

[Event "Mecklenburg VP-ch MT"]
[Site "Rostock"]
[Date "2013.05.10"]
[Round "3.2"]
[White "Schreiber, Kevin"]
[Black "Weber, Max"]
[Result "1/2-1/2"]
[WhiteElo "1886"]
[BlackElo "2109"]
[PlyCount "31"]
[EventDate "2013.05.09"]
[EventType "swiss"]
[EventRounds "7"]
[EventCountry "GER"]
[SourceTitle "EXT 2023"]
[Source "ChessBase"]
[SourceDate "2022.10.05"]
[SourceVersion "1"]
[SourceVersionDate "2022.10.05"]
[SourceQuality "1"]

1. d4 Nf6 2. c4 e6 3. e3 d5 4. Nf3 Be7 5. b3 0-0 6. Bd3 b6 7. 0-0 Bb7 8. Nbd2 Ne4 9. Bb2 Nd7 10. cxd5 exd5 11. Ne5 f6 12. Nxd7 Qxd7 13. f3 Nxd2 14. Qxd2 f5 15. a4 a5 16. Ba3 1/2-1/2